000
00315nam a2200133Ia 4500
005
20260326100046.0
008
260326s9999||||xx |||||||||||||| ||und||
100
_a
Lynch, Kevin
245
0
_a
La imagen de la Ciudad /
_c
Kevin Lynch
260
_b
Gustavo Gili
300
_a
227 p.
650
_a
URBANISMO
942
_c
BK
999
_c
7201
_d
7201